Statistics for Countries that Start with O, Q, and R - Shape Quiz

Click here to take the quiz!

General Stats

  • This quiz has been taken 3,556 times
  • The average score is 5 of 6

Answer Stats

Country% Correct
Russia
96%
Qatar
94%
Oman
93%
Romania
87%
Rwanda
77%
Republic of the Congo
53%

Score Distribution

Percentile by Number Answered

Percent of People with Each Score

Your Score History

You have not taken this quiz